Multiple Choice City Quiz – Bologna - Statistics

General Stats
  • This quiz has been taken 234 times
  • The average score is 6 of 10
Answer Stats
Question Answer % Correct
What is Bologna's nickname? The Red City
94%
In which Italian region is Bologna located? Emilia-Romagna
83%
What is Bologna's gastronomical nickname? La Grassa (The Fat One)
73%
What type of meat is often used in traditional Bolognese mortadella? Pork
70%
In what plain is Bologna located? Po
63%
What is Bologna's main square? Piazza Maggiore
57%
Which popular pasta dish is said to have originated from Bologna? Tortellini
45%
Which ancient Roman road leads to Bologna? Via Aemilia
37%
Which famous university department was founded in Bologna in the middle ages? Law
35%
Which nearby car company is associated with Bologna? Lamborghini
25%
No matching quizzes found
Score Distribution
Percent of People with Each Score
Percentile by Number Answered
Your Score History
You have not taken this quiz